| 000 | 00725nam a2200217Ia 4500 | ||
|---|---|---|---|
| 008 | 130821s2007 sp gr spa | ||
| 020 | _a9972275469 | ||
| 040 |
_aCo-BoUCM _bspa |
||
| 041 | 0 | 0 | _aspa |
| 100 | 1 |
_aVentura, Bella Clara _9163908 |
|
| 245 | 1 | 0 |
_aContigo aprendí _cBella Clara Ventura y José H. Velázquez |
| 260 |
_aMadrid (España) _bEdiciones Lord Byron _c2007 |
||
| 300 | _a232 páginas | ||
| 650 | 0 | 4 |
_aAmor en la literatura _98921 |
| 650 | 0 | 4 |
_aLiteratura colombiana _918629 |
| 650 | 0 | 4 |
_aLiteratura latinoamericana _918700 |
| 650 | 0 | 4 |
_aNovela colombiana _920483 |
| 700 | 1 |
_aVelázquez, José H. _9163909 |
|
| 942 |
_cLIBRO _a18 _e1 _kC _mC591c _2DEWEY _h863.44 |
||
| 999 |
_c54658 _d54658 |
||